000 01184aam a2200301 i 4500
001 425
003 CO-MdBIC
005 20210828110940.0
008 210828t1957 mx c|||| |||| 00| 0 eng d
040 _bspa.
_aCO-MdFUSB
_cCO-MdFUSB
_dCO-MdFUSBC
_erda
041 _aspa
082 0 4 _aR 920 U613f
100 1 _aUntermeyer, Louis
245 1 0 _aForjadores del mundo moderno : La vida de escritores, artistas, científicos, estadistas, inventores, filósofos, compositores y otros creadores que han cambiado la faz del mundo / Louis Untermeyer
_c/
250 _a2
260 _aMéxico, D.F. : Grijalbo
264 1 _aMexico, D.F. :
_bGrijalbo,
_c[1957]
264 4 _c© 1957
300 _c;
336 _2rdacontent
_atexto
_btxt
337 _2rdamedia
_asin mediación
_bn
338 _2rdacarrier
_avolumen
_bnc
500 _aTítulo original : Makers of the modern world
505 0 0 _aVol. 1 : 1776-1844. 496 Pag. Vol. 2 : 1845-1847. 1027 Pag. Vol. 3 : 1875-1914. 1518 Pag. Vol. 4 : 1642-1766. 535 Pag. Vol. 5 : 1767-1836. 518 Pag. Vol. 6: 1836-1880. 514 Pag. Vol. 7 : 1881-1934. 477 Pag.
653 _aForjadores
_aDel mundo
_aModerno
942 _cBK
945 _aEstudiante
999 _c31955
_d31955